| 000 | 00634nam a2200181Ia 4500 | ||
|---|---|---|---|
| 008 | 151202s9999||||xx |||||||||||||| ||und|| | ||
| 082 | _bPNVM-49617 | ||
| 100 | _aवाड विजया. | ||
| 245 | _aतुमच्या आमच्या गोष्टी. | ||
| 260 | _b"दिलीप प्रकाशन,मुंबई." | ||
| 260 | _c2004 | ||
| 300 | _a175 | ||
| 600 | _aवाड विजया. | ||
| 630 | _aतुमच्या आमच्या गोष्टी. | ||
| 700 | _aवाड विजया. | ||
| 730 | _aतुमच्या आमच्या गोष्टी. | ||
| 942 | _cBOOK | ||
| 999 |
_c1315781 _d1315778 |
||